000 00405nam a22001577a 4500
003 MPLRDC
005 20220104162721.0
008 210129b ||||| |||| 00| 0 eng d
082 _a524.9663 MEN
100 _aVIJAYA C. MENON
245 _aQUICK REVISION NOTES ON PURE SCIENCE PHYSICS FOR GCE O LEVEL
_c
260 _a
_bDAILY BOOK STORE
_c
300 _b
650 _a
942 _cBK
_o524.9663 MEN
999 _c56098
_d56088